<?xml version="1.0" encoding="UTF-8"?>
<record
    xmlns:xsi="http://www.w3.org/2001/XMLSchema-instance"
    xsi:schemaLocation="http://www.loc.gov/MARC21/slim http://www.loc.gov/standards/marcxml/schema/MARC21slim.xsd"
    xmlns="http://www.loc.gov/MARC21/slim">

  <leader>00713nam a22001337a 4500</leader>
  <datafield tag="040" ind1=" " ind2=" ">
    <subfield code="c">RUA</subfield>
  </datafield>
  <datafield tag="082" ind1=" " ind2=" ">
    <subfield code="a">FOR RIN 2010 B139 Or.1</subfield>
  </datafield>
  <datafield tag="100" ind1=" " ind2=" ">
    <subfield code="a">RIN, CHENDA.</subfield>
  </datafield>
  <datafield tag="245" ind1=" " ind2=" ">
    <subfield code="a">The study on non-timber forest products processing of community people at thalaborevat district steung treng province, &#x179F;&#x17B7;&#x1780;&#x17D2;&#x179F;&#x17B6;&#x1796;&#x17B8;&#x1780;&#x17B6;&#x179A;&#x1780;&#x17C2;&#x1785;&#x17D2;&#x1793;&#x17C3;&#x17A2;&#x1793;&#x17BB;&#x1795;&#x179B;&#x1796;&#x17D2;&#x179A;&#x17C3;&#x1788;&#x17BE;&#x179A;&#x1794;&#x179F;&#x17CB;&#x1794;&#x17D2;&#x179A;&#x1787;&#x17B6;&#x179F;&#x17A0;&#x1782;&#x1798;&#x1793;&#x17CD;&#x1780;&#x17D2;&#x1793;&#x17BB;&#x1784;&#x179F;&#x17D2;&#x179A;&#x17BB;&#x1780;&#x1790;&#x17B6;&#x17A1;&#x17B6;&#x1794;&#x179A;&#x17B7;&#x179C;&#x17C9;&#x17B6;&#x178F;&#x17CB; &#x1781;&#x17C1;&#x178F;&#x17D2;&#x178F;&#x179F;&#x17D2;&#x1791;&#x17B9;&#x1784;&#x178F;&#x17D2;&#x179A;&#x17C2;&#x1784;</subfield>
  </datafield>
  <datafield tag="260" ind1=" " ind2=" ">
    <subfield code="a">Phnom Penh</subfield>
    <subfield code="b">RUA</subfield>
    <subfield code="c">2010</subfield>
  </datafield>
  <datafield tag="300" ind1=" " ind2=" ">
    <subfield code="a">xi; 49p.</subfield>
    <subfield code="b">ill.</subfield>
    <subfield code="c">29cm.</subfield>
  </datafield>
  <datafield tag="856" ind1=" " ind2=" ">
    <subfield code="u">https://drive.google.com/file/d/1MeltMOwlHy1cWtnNpAd0gkXMQfQHqtgp/view?usp=sharing</subfield>
  </datafield>
  <datafield tag="942" ind1=" " ind2=" ">
    <subfield code="c">FOR</subfield>
  </datafield>
  <datafield tag="999" ind1=" " ind2=" ">
    <subfield code="c">3393</subfield>
    <subfield code="d">3393</subfield>
  </datafield>
  <datafield tag="952" ind1=" " ind2=" ">
    <subfield code="0">0</subfield>
    <subfield code="1">0</subfield>
    <subfield code="2">ddc</subfield>
    <subfield code="4">0</subfield>
    <subfield code="6">FOR_RIN_2010_000000000000000_B139_OR_1</subfield>
    <subfield code="7">0</subfield>
    <subfield code="9">16036</subfield>
    <subfield code="a">LBB</subfield>
    <subfield code="b">LBB</subfield>
    <subfield code="c">B139</subfield>
    <subfield code="d">2015-11-13</subfield>
    <subfield code="o">FOR RIN 2010 B139 Or.1</subfield>
    <subfield code="p">RUA026455</subfield>
    <subfield code="r">2015-11-13</subfield>
    <subfield code="w">2015-11-13</subfield>
    <subfield code="y">FOR</subfield>
  </datafield>
  <datafield tag="952" ind1=" " ind2=" ">
    <subfield code="0">0</subfield>
    <subfield code="1">0</subfield>
    <subfield code="2">ddc</subfield>
    <subfield code="4">0</subfield>
    <subfield code="6">FOR_RIN_2010_000000000000000_B139_OR_2</subfield>
    <subfield code="7">0</subfield>
    <subfield code="9">16037</subfield>
    <subfield code="a">LBB</subfield>
    <subfield code="b">LBB</subfield>
    <subfield code="c">B139</subfield>
    <subfield code="d">2015-11-13</subfield>
    <subfield code="o">FOR RIN 2010 B139 Or.2</subfield>
    <subfield code="p">RUA026410</subfield>
    <subfield code="r">2015-11-13</subfield>
    <subfield code="w">2015-11-13</subfield>
    <subfield code="y">FOR</subfield>
  </datafield>
  <datafield tag="952" ind1=" " ind2=" ">
    <subfield code="0">0</subfield>
    <subfield code="1">0</subfield>
    <subfield code="2">ddc</subfield>
    <subfield code="4">0</subfield>
    <subfield code="6">FOR_RIN_2010_000000000000000_B139_OR_3</subfield>
    <subfield code="7">0</subfield>
    <subfield code="9">16038</subfield>
    <subfield code="a">LBB</subfield>
    <subfield code="b">LBB</subfield>
    <subfield code="c">B139</subfield>
    <subfield code="d">2015-11-13</subfield>
    <subfield code="o">FOR RIN 2010 B139 Or.3</subfield>
    <subfield code="p">RUA026909</subfield>
    <subfield code="r">2015-11-13</subfield>
    <subfield code="w">2015-11-13</subfield>
    <subfield code="y">FOR</subfield>
  </datafield>
  <datafield tag="952" ind1=" " ind2=" ">
    <subfield code="0">0</subfield>
    <subfield code="1">0</subfield>
    <subfield code="2">ddc</subfield>
    <subfield code="4">0</subfield>
    <subfield code="6">FOR_RIN_2010_000000000000000_B139_OR_4</subfield>
    <subfield code="7">0</subfield>
    <subfield code="9">16039</subfield>
    <subfield code="a">LBB</subfield>
    <subfield code="b">LBB</subfield>
    <subfield code="c">B139</subfield>
    <subfield code="d">2015-11-13</subfield>
    <subfield code="o">FOR RIN 2010 B139 Or.4</subfield>
    <subfield code="p">RUA026693</subfield>
    <subfield code="r">2015-11-13</subfield>
    <subfield code="w">2015-11-13</subfield>
    <subfield code="y">FOR</subfield>
  </datafield>
  <datafield tag="952" ind1=" " ind2=" ">
    <subfield code="0">0</subfield>
    <subfield code="1">0</subfield>
    <subfield code="2">ddc</subfield>
    <subfield code="4">0</subfield>
    <subfield code="6">FOR_RIN_2010_000000000000000_B139_OR_5</subfield>
    <subfield code="7">0</subfield>
    <subfield code="9">16040</subfield>
    <subfield code="a">LBB</subfield>
    <subfield code="b">LBB</subfield>
    <subfield code="c">B139</subfield>
    <subfield code="d">2015-11-13</subfield>
    <subfield code="l">1</subfield>
    <subfield code="o">FOR RIN 2010 B139 Or.5</subfield>
    <subfield code="p">RUA026915</subfield>
    <subfield code="r">2026-03-06</subfield>
    <subfield code="s">2026-02-12</subfield>
    <subfield code="w">2015-11-13</subfield>
    <subfield code="y">FOR</subfield>
  </datafield>
  <datafield tag="952" ind1=" " ind2=" ">
    <subfield code="0">0</subfield>
    <subfield code="1">0</subfield>
    <subfield code="2">ddc</subfield>
    <subfield code="4">0</subfield>
    <subfield code="6">FOR_RIN_2010_000000000000000_B139_OR_6</subfield>
    <subfield code="7">0</subfield>
    <subfield code="9">16041</subfield>
    <subfield code="a">LBB</subfield>
    <subfield code="b">LBB</subfield>
    <subfield code="c">B139</subfield>
    <subfield code="d">2015-11-13</subfield>
    <subfield code="o">FOR RIN 2010 B139 Or.6</subfield>
    <subfield code="p">RUA027757</subfield>
    <subfield code="r">2015-11-13</subfield>
    <subfield code="w">2015-11-13</subfield>
    <subfield code="y">FOR</subfield>
  </datafield>
  <datafield tag="952" ind1=" " ind2=" ">
    <subfield code="0">0</subfield>
    <subfield code="1">0</subfield>
    <subfield code="2">ddc</subfield>
    <subfield code="4">0</subfield>
    <subfield code="6">FOR_RIN_2010_000000000000000_B139_OR_7</subfield>
    <subfield code="7">0</subfield>
    <subfield code="9">16042</subfield>
    <subfield code="a">LBB</subfield>
    <subfield code="b">LBB</subfield>
    <subfield code="c">B139</subfield>
    <subfield code="d">2015-11-13</subfield>
    <subfield code="l">1</subfield>
    <subfield code="o">FOR RIN 2010 B139 Or.7</subfield>
    <subfield code="p">RUA027641</subfield>
    <subfield code="r">2026-04-29</subfield>
    <subfield code="s">2026-03-26</subfield>
    <subfield code="w">2015-11-13</subfield>
    <subfield code="y">FOR</subfield>
  </datafield>
</record>
